Měření efektivity regulatorních systémů ve vybraných zemích EU: dopad zavedení bankovní unie

Popis efektov zavedenia bankovej únie v rámci eurozóny. Stav implementácie EBÚ do roku 2013. Empirické výsledky modelu pre 27 najväčších európskych bánk.

Salvato in:
Dettagli Bibliografici
Autore principale: Hodula, Martin
Natura: Capitolo di libro
Lingua:ceco
Soggetti:
Tags: Aggiungi Tag
Nessun Tag, puoi essere il primo ad aggiungerne!!

MARC

LEADER 00000naa a2200000 4500
001 0200151
005 20231128131921.2
041 0 |a cze 
044 |a CZ 
245 1 0 |a Měření efektivity regulatorních systémů ve vybraných zemích EU: dopad zavedení bankovní unie  |c Martin Hodula 
520 |a Popis efektov zavedenia bankovej únie v rámci eurozóny. Stav implementácie EBÚ do roku 2013. Empirické výsledky modelu pre 27 najväčších európskych bánk. 
610 2 0 |a únie bankové 
610 2 0 |a eurozóna 
610 2 0 |a regulácia finančná 
610 2 0 |a Európska únia 
100 1 |a Hodula, Martin